00486nam a22001697a 450000100030000000300060000300500170000900800410002602000140006704000100008105000250009110000300011624501000014626000280024630000270027452100150030111FISKH20251017113344.0230103b |||||||| |||| 00| 0 eng d a042517446 cFISKH aPS3572b.O5 B34 2000 aVonnegut, Kurtd1922-2007 aBagombo snuff box buncollected short fiction with an introduction by the authorcKurt Vonnegut aNew YorkbBerkleyc2000 axxii, 357 p. ;c21 cm. a980bFISKH